| 000 | 01463nam a2200421 i 4500 | ||
|---|---|---|---|
| 001 | 14378 | ||
| 003 | KOSZ 005 | ||
| 005 | 20191029082301.0 | ||
| 008 | 070629s1972 pl a f 001 0 pol | ||
| 015 | _aPB 1972/7034 | ||
| 035 | _a(OCoLC)749463933 | ||
| 040 |
_aWA N _cWA N _dKOSZ 005/EC _dKOSZ 005/RW _dKOSZ 005/HR |
||
| 046 | _k1960 | ||
| 080 | _a678 | ||
| 100 | 1 |
_aBrojer, Zbigniew _eAutor |
|
| 245 | 1 | 0 |
_aŻywice epoksydowe / _cZbigniew Brojer, Zofia Hertz, Piotr Penczek. |
| 250 | _aWydanie 2 całkowicie zmienione. | ||
| 260 |
_aWarszawa : _bWydawnictwa Naukowo-Techniczne, _c1972. |
||
| 300 |
_a510, [2] stron, [1] karta tablic : _bilustracje, errata ; _c25 cm. |
||
| 336 |
_aTekst _btxt _2rdacontent |
||
| 337 |
_aBez urządzenia pośredniczącego _bn _2rdamedia |
||
| 338 |
_aWolumin _bnc _2rdacarrier |
||
| 380 | _aKsiążki | ||
| 380 | _aPublikacje fachowe | ||
| 388 | _a1901-2000 | ||
| 388 | _a1945-1989 | ||
| 490 | 1 | _aTworzywa Sztuczne. | |
| 504 | _aBibliografia przy rozdziałach. Indeks. | ||
| 650 | 7 | _aŻywice epoksydowe | |
| 658 | _aChemia | ||
| 658 | _aInżynieria i technika | ||
| 700 | 1 |
_aHertz, Zofia _eAutor |
|
| 700 | 1 |
_aPenczek, Piotr _d(1930-2008) _eAutor |
|
| 710 | 2 |
_aWydawnictwa Naukowo-Techniczne _4pbl. |
|
| 830 | 0 | _aTworzywa Sztuczne | |
| 856 |
_uhttp://koha.tu.koszalin.pl/cgi-bin/koha/opac-detail.pl?biblionumber=14378 _yKatalog online BPK |
||
| 942 |
_2UKD _cKS |
||
| 999 |
_c14378 _d14378 |
||